| 000 | 00410nam a2200157Ia 4500 | ||
|---|---|---|---|
| 008 | 230312s9999||||xx |||||||||||||| ||und|| | ||
| 020 | _a9780313346583 | ||
| 082 |
_a363.287 _bTHO-A |
||
| 100 | _aThomas;Andrew.R | ||
| 245 | 0 | _aAviation Security Management-4 | |
| 260 |
_bPraeger security International _aUSA _c2008 |
||
| 300 | _a236 | ||
| 546 | _aEng. | ||
| 650 |
_aAviation _vSecurity Management |
||
| 942 | _cBK | ||
| 999 |
_c6707 _d6707 |
||